[Event "Penang op 11th"]
[Site "Penang"]
[Date "2019.12.13"]
[Round "8"]
[White "Tang, Ngai Juan Dixon"]
[Black "Liew, Mark"]
[Result "0-1"]
[WhiteElo "1445"]
[BlackElo "1708"]
[PlyCount "54"]
[EventDate "2019.12.09"]
[EventType "swiss"]
[EventRounds "9"]
[EventCountry "MAS"]
[SourceTitle "CBM 193 Extra"]
[Source "ChessBase"]
[SourceDate "2020.01.31"]
[SourceVersion "1"]
[SourceVersionDate "2020.01.31"]
[SourceQuality "1"]

1. e4 e6 2. d4 d5 3. Nc3 Nf6 4. e5 Nfd7 5. Nce2 c5 6. c3 Nc6 7. Nf3 Be7 8. Ng3 0-0 9. Be2 f6 10. exf6 Nxf6 11. 0-0 Qc7 12. Be3 b6 13. Rc1 e5 14. dxe5 Nxe5 15. Nh4 g6 16. Bg5 Bb7 17. Bh6 Rfd8 18. Bf4 Nfd7 19. Bxe5 Nxe5 20. Nf3 Bf6 21. Qb3 Kh8 22. Rfd1 Nxf3+ 23. Bxf3 d4 24. cxd4 Rxd4 25. Qe6 Kg7 26. Bxb7 Qxb7 27. Ne2 Re4 0-1

[Event "Penang op 11th"]
[Site "Penang"]
[Date "2019.12.10"]
[Round "2"]
[White "Tang, Ngai Juan Dixon"]
[Black "Wu, Yixing"]
[Result "1/2-1/2"]
[WhiteElo "1445"]
[BlackElo "1767"]
[PlyCount "67"]
[EventDate "2019.12.09"]
[EventType "swiss"]
[EventRounds "9"]
[EventCountry "MAS"]
[SourceTitle "CBM 193 Extra"]
[Source "ChessBase"]
[SourceDate "2020.01.31"]
[SourceVersion "1"]
[SourceVersionDate "2020.01.31"]
[SourceQuality "1"]

1. Nf3 Nf6 2. g3 d5 3. Bg2 g6 4. 0-0 Bg7 5. d3 0-0 6. Nbd2 c5 7. e4 Nc6 8. c3 e5 9. h3 h6 10. Qe2 Re8 11. Nb3 b6 12. Ne1 a5 13. Be3 a4 14. exd5 Nxd5 15. Nd2 Bb7 16. Nb1 f5 17. Qd2 Kh7 18. c4 Nf6 19. Nc3 e4 20. Rd1 Nd4 21. dxe4 Nxe4 22. Nxe4 Bxe4 23. Bxd4 Bxd4 24. Nf3 Bxf3 25. Bxf3 Rc8 26. Rfe1 Qc7 27. Kg2 Qd7 28. Qc2 b5 29. Rxe8 Rxe8 30. Rd2 Rb8 31. cxb5 Qxb5 32. Qd1 Bxb2 33. Rd7+ Bg7 34. Qd5 1/2-1/2

[Event "Penang op-B 9th"]
[Site "Penang"]
[Date "2017.12.06"]
[Round "5"]
[White "Jelsen, Yemi"]
[Black "Tang, Ngai Juan Dixon"]
[Result "1/2-1/2"]
[WhiteElo "1934"]
[BlackElo "1439"]
[PlyCount "57"]
[EventDate "2017.12.04"]
[EventType "swiss"]
[EventRounds "9"]
[EventCountry "MAS"]
[SourceTitle "CBM 182 Extra"]
[Source "ChessBase"]
[SourceDate "2018.02.23"]
[SourceVersion "1"]
[SourceVersionDate "2018.02.23"]
[SourceQuality "1"]

1. d4 Nf6 2. c4 e6 3. Nc3 Bb4 4. Qc2 0-0 5. a3 Bxc3+ 6. Qxc3 b6 7. Nf3 Bb7 8. g3 Ne4 9. Qc2 f5 10. Bg2 d6 11. 0-0 Nd7 12. b4 Qe8 13. Be3 h6 14. c5 Ndf6 15. Rac1 Nd5 16. c6 Bc8 17. Qd3 Qh5 18. Nh4 g5 19. Bf3 Qf7 20. Ng2 Ndf6 21. Qc2 d5 22. Ne1 Ba6 23. a4 Bc4 24. Bxe4 fxe4 25. f3 Ng4 26. Ng2 exf3 27. Rxf3 Qh5 28. h4 gxh4 29. gxh4 1/2-1/2